• 首页
  • 本馆介绍
  • 公告通知
  • 最新文献
  • 馆藏检索
  • 电子资源
  • 读者导购
  • 参考咨询
  • 我的图书馆
  • 登录
  • 详细信息显示
  • 放入我的书架
  • 预约/预借图书
  • 作者相关作品
  • 分类相关作品
  • 丛书相关作品
  • 出版社相关作品

书目信息

  • 表格格式
  • 工作单格式
  • 卡片格式
题名:
广州现代工业和信息化服务业
    
 
作者: ;广州市工业和信息化委员会 , 广州市产业园区商会 编
分册:  
出版信息: 北京   光明日报出版社  2017
页数: 250页
开本: 24cm
丛书名: 广州市情丛书
单 册:
中图分类: F427.651 , F719
科图分类:
主题词: 工业经济--gong ye jing ji--经济发展--广州 , 服务业--fu wu ye--经济发展--广州
电子资源:
ISBN: 978-7-5194-1767-3
000 01312nam0 22003011 450
001 0119171330
005 20170619171330.0
010    @a978-7-5194-1767-3@dCNY48.00
100    @a20170215d2017 em y0chiy50 ea
101 0  @achi
102    @aCN@b110000
105    @ay z 000yy
106    @ar
200 1  @a广州现代工业和信息化服务业@9guang zhou xian dai gong ye he xin xi hua fu wu ye@dGuangzhou modern industry and information technology services industry@f广州市工业和信息化委员会,广州市产业园区商会编@zeng
210    @a北京@c光明日报出版社@d2017
215    @a250页@d24cm
225 2  @a广州市情丛书@9guang zhou shi qing cong shu
330    @a本书详细介绍了广州市的支柱产业、传统优势产业和新兴产业的格局,并从工业设计、信息化建设和产业园区三个方面对广州市新兴产业进行了介绍。
461  0 @12001 @a广州市情丛书
510 1  @aGuangzhou modern industry and information technology services industry@zeng
606 0  @a工业经济@9gong ye jing ji@x经济发展@y广州
606 0  @a服务业@9fu wu ye@x经济发展@y广州
690    @aF427.651@v5
690    @aF719@v5
711 02 @a广州市工业和信息化委员会@9guang zhou shi gong ye he xin xi hua wei yuan hui@4编
711 02 @a广州市产业园区商会@9guang zhou shi chan ye yuan qu shang hui@4编
801  0 @aCN@b百万庄@c20170617
905    @b1012863-8@dF427.651@e158@f6
    
    广州现代工业和信息化服务业=Guangzhou modern industry and information technology services industry/广州市工业和信息化委员会,广州市产业园区商会编.-北京:光明日报出版社,2017
    250页;24cm.-(广州市情丛书)
    
    
    ISBN 978-7-5194-1767-3:CNY48.00
    本书详细介绍了广州市的支柱产业、传统优势产业和新兴产业的格局,并从工业设计、信息化建设和产业园区三个方面对广州市新兴产业进行了介绍。
●
相关链接 在E读中查询图书 在五车中查询图书 在当当中查询图书 在豆瓣中查询图书


正题名:广州现代工业和信息化服务业     索取号:F427.651/158         预约/预借

序号 登录号 条形码 馆藏地/架位号 状态 备注
1 1012863   210128636   第一样本阅览室/ [索取号:F427.651/158] 在馆    
2 1012864   210128645   教育系资料室/ [索取号:F427.651/158] 在馆    
3 1012865   210128654   教育系资料室/ [索取号:F427.651/158] 在馆    
4 1012866   210128663   教育系资料室/ [索取号:F427.651/158] 在馆    
5 1012867   210128672   第一借阅区/ [索取号:F427.651/158] 在馆    
6 1012868   210128681   第一借阅区/ [索取号:F427.651/158] 在馆    
唐山师范学院图书馆 欢迎您!
大连网信软件有限公司© 版权所有